|
|
|
|
| LEADER |
00000nta a2200000 i 4500 |
| 001 |
dolg4098 |
| 005 |
20160511092952.0 |
| 008 |
151205suuuu hu om 000 hun d |
| 040 |
|
|
|a BGE Dolgozattár Repozitórium
|b hun
|
| 041 |
|
|
|a hu
|
| 100 |
1 |
|
|a Tolnai Bernadett
|
| 245 |
1 |
0 |
|a Rendezvények szerepe egy lapkiadó életében
|c Tolnai Bernadett
|h [elektronikus dokumentum]
|
| 695 |
|
|
|a Rendezvények
|
| 695 |
|
|
|a rendezvények, rendezvény szervezés
|
| 700 |
1 |
|
|a Bodnár László
|e ths
|
| 856 |
4 |
0 |
|u http://dolgozattar.uni-bge.hu/4098/1/BGF-KKFK-Nemzetk%C3%B6zi%20tanulm%C3%A1nyok_Tolnai%20Bernadett_Szakdolgozat_FINAL..pdf
|z Dokumentum-elérés
|